| 000 | 00360nam a22001457a 4500 | ||
|---|---|---|---|
| 008 | 210302b ||||| |||| 00| 0 eng d | ||
| 020 | _a9780130273956-8518-36464 | ||
| 041 | _aeng | ||
| 080 |
_25th _a159.9 |
||
| 082 | _a159.9 | ||
| 100 | _a48 | ||
| 101 | _aPSI | ||
| 245 |
_aPsychological Testing Principles and Applications _cMurphy, K.R |
||
| 942 |
_2udc _cBK |
||
| 999 |
_c55541 _d55541 |
||